00487nam a2200193 a 4500001001300000003000900013005001700022008004100039020001000080082001800090100001600108245001100124260003500135300000900170500003500179505004700214650001600261700001600277nice12345678IN_TiNIC20260116012808.0050524s1941 hyda grp 000 0 urd  ac3.500a891.4391bALI aAli, Akhtar aAnwaar aHyderabadbIdara-E-ilmiac1941 a168p aincludes index and biblioraphy2 aFoot notes by Maulana Maulvi Ilahi Bakhsh. aUrdu-Poetry1 aAli, Akhtar